banner koha

Rendimento de engenho em funcao da umidade na colheita de tres cultivares de arroz irrigado (3) (Registro n. 335305)

MARC details
000 -LÍDER
campo de controle de tamanho fixo 01412naa a22003497a 4500
001 - NÚMERO DE CONTROLE
campo de controle BR8705338
003 - IDENTIFICADOR DO NÚMERO DE CONTROLE
campo de controle BR-BrBNA
005 - DATA E HORÁRIO DA ÚLTIMA TRANSAÇÃO
campo de controle 20250721154522.0
007 - CAMPO FIXO DE DESCRIÇÃO FÍSICA--INFORMAÇÃO GERAL
campo de controle de tamanho fixo ta
008 - CAMPO DE DADOS FIXOS--INFORMAÇÃO GERAL
campo de controle de tamanho fixo 250630b bl.|||m| |||| 00| 0 por d
040 ## - FONTE DA CATALOGAÇÃO
Instituição da catalogação original BR-BrBNA
Idioma da catalogação por
Instituição que transcreveu o registro Biblioteca Nacional de Agricultura
041 ## - CÓDIGO DE IDIOMA
Código do idioma do texto/trilha sonora ou título diferente (Pt)
072 ## - CÓDIGO DE CATEGORIA DE ASSUNTO
Código de Categoria de Assunto F01
Código do objeto 0150
-- G514
090 ## - NÚMERO DE CHAMADA LOCAL
Número de chamada F01 BR8705338
100 1# - ENTRADA PRINCIPAL--NOME PESSOAL
Nome pessoal Infeld, J.A.
100 1# - ENTRADA PRINCIPAL--NOME PESSOAL
Nome pessoal Silveira Junior, P.
100 1# - ENTRADA PRINCIPAL--NOME PESSOAL
Nome pessoal Santos, E.C.
111 1# - ENTRADA PRINCIPAL--NOME DO EVENTO
Nome do evento ou lugar 14. Reuniao da Cultura do Arroz Irrigado
Local do evento Pelotas, RS (Brazil)
Data do evento ou assinatura do tratado 1-4 Oct 1985
245 1# - TÍTULO
Título Rendimento de engenho em funcao da umidade na colheita de tres cultivares de arroz irrigado (3)
246 1# - FORMA VARIANTE DO TÍTULO
Título/título abreviado [Mill yield regarding moisture in the harvest of three irrigated rice cultivars (3)]
246 1# - FORMA VARIANTE DO TÍTULO
Título/título abreviado [Annals of the 14. Meeting of Irrigated Rice]
490 ## - TÍTULO DA SÉRIE
Título da série Documentos - Centro de Pesquisa Agropecuaria de Terras Baixas de Clima Temperado (Brazil)
Número do volume ou designação sequencial da série no. 26
ISSN - International Standard Serial Number ISSN 0101-9708
500 ## - NOTA GERAL
Nota geral Anais da 14. Reuniao da Cultura do Arroz Irrigado<br/>Pelotas, RS (Brasil): 1985. p. 456-462 [3 illus.; 1 table]<br/>(BR8705338-AMS)<br/>
650 ## - ASSUNTO--TERMO TÓPICO
Cabeçalho tópico ou nome geográfico ARROZ IRRIGADO
650 ## - ASSUNTO--TERMO TÓPICO
Cabeçalho tópico ou nome geográfico RENDIMENTO
650 ## - ASSUNTO--TERMO TÓPICO
Cabeçalho tópico ou nome geográfico UMIDADE
650 ## - ASSUNTO--TERMO TÓPICO
Cabeçalho tópico ou nome geográfico COLHEITA
650 ## - ASSUNTO--TERMO TÓPICO
Cabeçalho tópico ou nome geográfico RIO GRANDE DO SUL
773 0# - ENTRADA ANALÍTICA
Título Anais da 14. Reuniao da Cultura do Arroz Irrigado
Número de controle do registro F01 BR8705338
Partes relacionadas Pelotas, RS (Brasil), 1985. p. 456-462
942 ## - ELEMENTOS DE ENTRADA ADICIONADOS (KOHA)
Tipo de material Koha Analítica de Monografia Seriada
Fonte da classificação ou esquema de arquivamento na estante Classificação AGRIS
909 ## -
-- 202506
-- Lúcia
-- 55
-- Lúcia Elande
Exemplares
Situação do descarte Fonte da classificação ou esquema de arquivamento na estante Situação física Não pode ser emprestado Coleção Biblioteca de origem Biblioteca atual Total de empréstimos Data de último acesso Número do exemplar Tipo de material Koha Situação das perdas Data de aquisição Fonte de aquisição
  Classificação AGRIS       Biblioteca Nacional de Agricultura - Binagri Biblioteca Nacional de Agricultura - Binagri   30/06/2025 01 Analítica de Monografia Seriada   2025-06-30 Portaria Interministerial nº 164/94

BINAGRI

Telefone: (61)3218-2567/2388/3357/2097 - binagri@agro.gov.br

Ministério da Agricultura e Pecuária , Esplanada dos Ministérios, Bloco D, Anexo B, Brasília/DF, CEP: 70.043-900